00633nam a2200229Ia 4500001001400000003000900014005001700023008004100040020001500081040002300096050001400119100002300133245004300156250001900199260003800218300001500256650003500271650002800306650004400334887001600378888000900394AUWbook002913BDCtgAUW20260406155248.0220908s9999 xx 000 0 eng d a0140095144 aBDCtgAUWcBDCtgAUW aDS208.T481 aThesiger, Wilfred. 0aArabian sands :bwith sixteen plates / aFirst edition. aNew York :bPenguin Books,c2064. a347 pages. 0aArabian PeninsulaxSaudi Arab. 0aDescription and travel. 0aHistory of Arabian PeninsulaSaudi Arab. a BRAC22982 22982